Statistics for Italian Inventions

Click here to take the quiz!

General Stats

  • This quiz has been taken 17,407 times
  • The average score is 12 of 19

Answer Stats

ClueAnswer% Correct
Place to gambleCasino
96%
Where the fat ladies singOpera
87%
Instrument that made Paganini famousViolin
79%
Necessary tool for narcissistsMirror
74%
Easy-to-hold firearmPistol
74%
Centuries before airplanes, Leonardo invented
this way to jump out of one
Parachute
73%
Device for measuring atmospheric pressureBarometer
72%
Place to gather debt while learning
(Hint: Bologna 1088)
University
70%
Help for the myopicEyeglasses
69%
Harpsichord replacementPiano
65%
Way to prevent syphilisCondom
63%
Adagio, Forte, etc...{Musical} Notation
63%
Wireless communicationRadio
55%
Money from the government for doing nothingWelfare
51%
Forcing hot water through finely ground beansEspresso
43%
The family business of the MedicisBanking
42%
Martini ingredientVermouth
38%
Active ingredient in dynamiteNitroglycerin
29%
Method to propel a ship{Paddle} Wheel
18%

Score Distribution

Percentile by Number Answered

Percent of People with Each Score

Your Score History

You have not taken this quiz